00484nam a2200181 a 4500001001300000003000900013005001700022008004100039020001000080082001800090100001600108245005500124260004500179300000900224500003500233505001000268650002400278nice12345678IN_TiNIC20260116011421.0070402s1930 muma grp 000 0 eng  ac10000a297.0954bDEW aDewick, E C aIndian Islamb Religious History of Islam in India aMumbai bOxford University Presss c1930 a290p aincludes index and biblioraphy2 aindex aIslam-History-India